000 00482nam a2200181Ia 4500
003 GCL
008 140319s9999 xx 000 0 eng d
040 _aGCL /
_cGCL
082 0 4 _a617
_bM B
100 1 _aRUSSELL, R. C. G.
245 1 0 _aBAILY AND LOVE'S SHORT PRACTICE OF SURGERY /
_cRUSSELL, R. C. G.
700 1 _aMANN, CHARLES V.
260 _a[S.N] :
_bELBS WITH CHAPMEN & HALL ،
_c1994
300 _a1519\P
650 0 4 _aSURGERY
650 0 4 _aMEDICINE
942 _2ddc
_cBK
999 _c19891
_d19891